| 000 | 01240nam a22002417a 4500 | ||
|---|---|---|---|
| 999 |
_c60071 _d60071 |
||
| 003 | Ge_BSU | ||
| 005 | 20230605103949.0 | ||
| 008 | 230605s2018ge xxu||||| |||| 00| 0 geo d | ||
| 020 | _a9788378932109 | ||
| 041 | _ageo | ||
| 080 | _a791(479.22)ხ-93 | ||
| 100 |
_aხუნდაძე, ხათუნა _918439 |
||
| 245 |
_aფეოლა: _b[უქიმერიონი] ქართული ფილმი / _c ხათუნა ხუნდაძე შემდ. რედ. მზია ქურციძე, სცენ. გოგი ჩარკვიანი,რევაზ გაბრიაძე,რეჟისორი ბაადურ წულაძე. |
||
| 264 |
_aთბილისი : _bWojnowice, _c2018. |
||
| 300 |
_a26 გვ.: _bილ; _c23 სმ. |
||
| 653 | _aფეოლა | ||
| 653 | _a[უქიმერიონი] | ||
| 700 |
_aქურციძე, მზია _eრედაქტორი _918457 |
||
| 700 |
_a ჩარკვიანი, გოგი _eსცენარი _918458 |
||
| 700 |
_aგაბრიაძე, რევაზ _eსცენარი _95534 |
||
| 700 |
_aწულაძე, ბადურ _eრეჟისორი _918459 |
||
| 942 |
_2udc _cBK |
||